Normal view
MARC view
Entry Topical Term
001 - CONTROL NUMBER
- control field: 6252
003 - CONTROL NUMBER IDENTIFIER
- control field: HDC
005 - DATE AND TIME OF LATEST TRANSACTION
- control field: 20230624073227.0
008 - FIXED-LENGTH DATA ELEMENTS
- fixed length control field: 210122|| aca||aabn | a|a d
040 ## - CATALOGING SOURCE
- Original cataloging agency: HDC
- Transcribing agency: HDC
150 ## - HEADING--TOPICAL TERM
- Topical term or geographic name entry element: Radio frequency identification systems
670 ## - SOURCE DATA FOUND
- Source citation: Work cat.: (HDC): 2016 6th International Conference on Information and Communication Technology for The Muslim World (ICT4M) 6251, An Adoption of Halal Food Recognition System Using Mobile Radio Frequency Identification (RFID) and Near Field Communication (NFC) /, 2016
